000 00356nam a2200133Ia 4500
005 20260328101444.0
008 260328s9999||||xx |||||||||||||| ||und||
100 _aUnión Latina
245 0 _aEl Retorno de los ángeles :
_b Barroco de Las Cumbres en Bolivia /
_cUnión Latina
260 _bUnión Latina
300 _a275 p.
650 _aARTE
942 _cBK
999 _c8397
_d8397